| 000 | 00379 a2200133 4500 | ||
|---|---|---|---|
| 005 | 20250606091613.0 | ||
| 020 | _a13:978-1-4338-0734-3 | ||
| 082 | _a658.3 IND | ||
| 245 | _aIndustrial and Organizational Psychology | ||
| 260 |
_aWashington DC, _bAmerican Library Association. _c2011. |
||
| 300 |
_avii, 960p.; ill.; tables _bIndex. _c28cm. |
||
| 700 | _aXEDECK, S. | ||
| 942 |
_2ddc _cBKS |
||
| 999 |
_c3287 _d3287 |
||